000 01221njm a2200277Ia 4500
001 61810
003 IT-RoPAU
005 20220918181127.0
008 131025s9999 xx 000 0 und d
040 _aIT-RoPAU
040 _cIT-RoPAU
999 _c100254
_d100254
999 _bn.d.
100 _aBeatles (The)
_923140
100 _eAutore musica
_923141
100 _gCodice autore musica SPICS: 9428
_923142
245 _aSgt. Pepper's Lonely Hearts Club Band (The Beatles) Cdp 7 46442 2
250 _a2a ed.
260 _aENGLAND
260 _bEMI RECORDS
_c1987 [1a Ed.:1967 - Ed. Lingua Orig.: 1967]
300 _aCOMPACT DISC
500 _aMusica pop. Canzone inglese.
505 _aSgt. Pepper's Lonely Hearts Club Band - With A Little Help From My Friends - Lucy In the Sky With Diamonds - Getting Better - Fixing a Hole - She's Leaving Home - Within You Without You - Being For the Benefit Of Mr. Kite! - When I'm Sixty-Four - Lovely Rita - Good Morning Good Morning - Sgt. Pepper's Lonely Hearts Club Band (Reprise) - A Day In the Life
650 _aPOP [COMPACT DISC]
_eCodice MATERIA SPICS: 9949
_910570
700 _aBeatles (The)
_gCodice interprete SPICS: 9428
_eInterprete
_923143
942 _cCD
_2ddc